Kraftwerk Albums - Statistics

General Stats
  • This quiz has been taken 189 times
  • The average score is 8 of 11
Answer Stats
Hint Answer % Correct
1974 Autobahn
93%
1977 Trans-Europe Express
90%
1978 The Man-Machine
88%
1970 Kraftwerk
86%
1975 Radio-Aktivität
84%
1981 Computer World
80%
2003 Tour de France Soundtracks
80%
1972 Kraftwerk 2
75%
1986 Electric Café
64%
1973 Ralf und Florian
55%
2005 Minimum-Maximum
51%
No matching quizzes found
Score Distribution
Percent of People with Each Score
Percentile by Number Answered
Your Score History
You have not taken this quiz